LIBRARY & INFORMATION CENTRE, KCAET, TAVANUR

ONLINE PUBLIC ACCESS CATALOGUE (OPAC)

Biodiesel A Realistic Fuel Alternative for Diesel Engines (Record no. 14202)

MARC details
000 -LEADER
fixed length control field 00326nam a22001217a 4500
020 ## - INTERNATIONAL STANDARD BOOK NUMBER
ISBN 9788132205111
082 ## - DEWEY DECIMAL CLASSIFICATION NUMBER
Classification number 665.776
Item number DEM/BI
100 ## - MAIN ENTRY--AUTHOR NAME
Personal name Demirbas Ayhan
245 ## - TITLE STATEMENT
Title Biodiesel A Realistic Fuel Alternative for Diesel Engines
260 ## - PUBLICATION, DISTRIBUTION, ETC. (IMPRINT)
Place of publication Delhi
Name of publisher Springer International Edition
Year of publication 2008
300 ## - PHYSICAL DESCRIPTION
Number of Pages 208
942 ## - ADDED ENTRY ELEMENTS (KOHA)
Koha item type Books
Holdings
Withdrawn status Lost status Damaged status Collection code Home library Current library Shelving location Date acquired Source of acquisition Cost, normal purchase price Full call number Accession Number Koha item type
        KAUAET KAUAET General Stacks 03/06/2016 SouthernBook Center, Tvm 595.00 665.776 DEM/BI 23954 Books
free website counter